|
|
|
|
| LEADER |
00000naa2a2200000 4500 |
| 001 |
103614 |
| 005 |
20231031113715.0 |
| 035 |
|
|
|a (RuTPU)RU\TPU\book\111708
|
| 090 |
|
|
|a 103614
|
| 100 |
|
|
|a 20061019d2006 k y0rusy50 ca
|
| 101 |
0 |
|
|a rus
|
| 102 |
|
|
|a RU
|
| 200 |
1 |
|
|a Принципы взаимодействия инновационных процессов в образовательном пространстве технического университета
|f О. В. Блейхер
|
| 320 |
|
|
|a Библиогр.: 5 назв.
|
| 463 |
|
0 |
|0 (RuTPU)RU\TPU\book\108763
|y 5-98298-085-4
|t Инженерное образование и наука в мировом пространстве. GEER
|o сборник трудов Международной конференции, посвященной 110-летию основания Томского политехнического университета и 100-летию первого выпуска сибирских инженеров, 1-2 июня 2006 г., Томск
|f Томский политехнический университет ; под ред. В. А. Власова [и др.]
|v С. 283-287
|d 2006
|p 374 с.
|
| 610 |
1 |
|
|a инновации
|
| 610 |
1 |
|
|a технические университеты
|
| 610 |
1 |
|
|a образовательное пространство
|
| 610 |
1 |
|
|a взаимодействие
|
| 610 |
1 |
|
|a инноватика
|
| 610 |
1 |
|
|a принцип дополнительности
|
| 610 |
1 |
|
|a информация
|
| 610 |
1 |
|
|a труды учёных ТПУ
|
| 700 |
|
1 |
|a Блейхер
|b О. В.
|c российский социолог
|c доцент Томского политехнического университета
|f 1976-
|g Оксана Владимировна
|2 stltpush
|3 (RuTPU)RU\TPU\pers\26986
|
| 801 |
|
1 |
|a RU
|b 63413507
|c 20061019
|g PSBO
|
| 801 |
|
2 |
|a RU
|b 63413507
|c 20111207
|g RCR
|
| 942 |
|
|
|c BK
|